|
|
|
|
| LEADER |
00913cam a2200193 7i4500 |
| 001 |
0000027098 |
| 005 |
20180306090000.0 |
| 008 |
090424 eng |
| 090 |
0 |
0 |
|a RD732.3
|b .M37 2008
|
| 100 |
0 |
|
|a Marieta Humoc
|
| 245 |
1 |
0 |
|a Study on job demand and their relationship with musculoskeletal disorders among nurses working in government health facilities in Kota Kinabalu and Papar districts Sabah
|c Marieta Humoc.
|
| 260 |
|
|
|a Bestari Jaya, Selangor:
|b UNISEL,
|c 2008.
|
| 300 |
|
|
|a vii, 38 p.:
|b ill.;
|c 30 cm.
|
| 500 |
|
|
|a Please login MyLib (library.unisel.edu.my/web/guest/mylibrary - click eDocument)
|
| 502 |
|
|
|a Biomedical and Life Sciences, Bachelor, UNISEL, 2008
|
| 610 |
2 |
|
|a Universiti Industri Selangor
|
| 650 |
0 |
0 |
|a Nurses --
|x Musculoskeletal disorder
|
| 650 |
0 |
0 |
|a Musculoskeletal disorder --
|x Case study --
|z Sabah, Malaysia
|
| 999 |
|
|
|a THE0000845
|b THESIS
|c THESIS
|e 2nd Floor, Shah Alam
|